000 00431nam a2200181Ia 4500
001 10837
005 20260306161901.0
008 260306t1960||||xx |||||||||||||| ||spa||
041 _aESP
082 _a974
_bO26
100 _aObregon, Alvaro
_eAUT
245 0 _aOcho mil kilometros en campaña
260 _c1960
300 _acxxviii, 618 páginas :
_c23 cm.
650 _aGEN
654 _aCHU
942 _cLIB
_dJUS
_fJUS
_2ddc
_n
999 _c10837
_d10837